000 01127cab a2200277 4500
001 WB3125-13
008 090401t1995 xxu||||| |||| 00| 0 eng d
035 _a(Sirsi) u15140
041 _aeng
245 _aMining subsidence
260 _c1995
350 _a0
490 _aEstates Gazette Case Summaries
_v(1995) EGCS 104(1) (24/6/95)
520 _a"Gwent CC v British Coal Corporation" CA 15 June 1995. Concerned compensation under Coal Industry Act 1975 s2(4) for damage to school premises due to mining operations. Not all damage was within the limitation period and the measure of compensation was not necessarily the cost of building a new school on a new site. Also held that the LT did not have the jurisdiction to award interest on compensation awarded.
650 _aBASIS OF COMPENSATION
650 _aCOAL INDUSTRY ACT 1975 S2(4)
650 _aCOMPENSATION
650 _aDESIGN FAULTS
650 _aLIMITATION PERIOD
650 _aMEASURE OF COMPENSATION
650 _aP2
650 _aSUBSIDENCE
690 _aCOMPULSORY PURCHASE AND COMPENSATION-CASE LAW
942 _n0
948 _c04/03/1997
999 _c9895
_d9895